Amor y psique / (Registro nro. 19763)
[ vista simple ]
| 000 -CABECERA | |
|---|---|
| campo de control de longitud fija | 00872nam a2200241 a 4500 |
| 001 - NÚMERO DE CONTROL | |
| campo de control | 000020259 |
| 005 - FECHA Y HORA DE LA ÚLTIMA TRANSACCIÓN | |
| campo de control | 20200929170333.0 |
| 008 - DATOS DE LONGITUD FIJA--INFORMACIÓN GENERAL | |
| campo de control de longitud fija | 100802s1946 sp 000 0 spa d |
| 040 ## - FUENTE DE LA CATALOGACIÓN | |
| Centro catalogador/agencia de origen | DO-SdBNP |
| Lengua de catalogación | spa |
| Centro/agencia transcriptor | BNPHU |
| 082 ## - NÚMERO DE LA CLASIFICACIÓN DECIMAL DEWEY | |
| Número de clasificación | 878.9 |
| Número de documento/Ítem | A68 |
| 100 1# - ENTRADA PRINCIPAL--NOMBRE DE PERSONA | |
| Nombre de persona | Apuleyo, Lucio |
| Fechas asociadas al nombre | 125-180. |
| 9 (RLIN) | 42876 |
| 245 10 - MENCIÓN DE TÍTULO | |
| Título | Amor y psique / |
| Mención de responsabilidad, etc. | Segun la versión hecha en el siglo XV por Diego López de Cortegana ; Apuleyo ; Prólogo Carlos Soldevila; ilustrasión Pedro Bruna. |
| 260 ## - PUBLICACIÓN, DISTRIBUCIÓN, ETC. | |
| Lugar de publicación, distribución, etc. | Barcelona : |
| -- | Argos, |
| Fecha de publicación, distribución, etc. | 1946. |
| 300 ## - DESCRIPCIÓN FÍSICA | |
| Extensión | 133 p. : |
| Otras características físicas | il. ; |
| Dimensiones | 32 cm. |
| 650 #4 - PUNTO DE ACCESO ADICIONAL DE MATERIA--TÉRMINO DE MATERIA | |
| Término de materia o nombre geográfico como elemento de entrada | Mitología griega |
| 9 (RLIN) | 25559 |
| 650 #4 - PUNTO DE ACCESO ADICIONAL DE MATERIA--TÉRMINO DE MATERIA | |
| Término de materia o nombre geográfico como elemento de entrada | Psique (deidad griega) |
| 9 (RLIN) | 42877 |
| 650 #4 - PUNTO DE ACCESO ADICIONAL DE MATERIA--TÉRMINO DE MATERIA | |
| Término de materia o nombre geográfico como elemento de entrada | Eros (deidad griega) |
| 9 (RLIN) | 42878 |
| 650 #4 - PUNTO DE ACCESO ADICIONAL DE MATERIA--TÉRMINO DE MATERIA | |
| Término de materia o nombre geográfico como elemento de entrada | Amor en la literatura |
| 9 (RLIN) | 22842 |
| 650 #4 - PUNTO DE ACCESO ADICIONAL DE MATERIA--TÉRMINO DE MATERIA | |
| Término de materia o nombre geográfico como elemento de entrada | Literatura latina |
| 9 (RLIN) | 3147 |
| 700 12 - PUNTO DE ACCESO ADICIONAL--NOMBRE DE PERSONA | |
| Nombre de persona | Cortegana, López de |
| 9 (RLIN) | 42879 |
| 700 12 - PUNTO DE ACCESO ADICIONAL--NOMBRE DE PERSONA | |
| Nombre de persona | Soldevila, Carlos |
| Término indicativo de función/relación | pról. |
| 9 (RLIN) | 42880 |
| 700 12 - PUNTO DE ACCESO ADICIONAL--NOMBRE DE PERSONA | |
| Nombre de persona | Bruna, Pedro |
| Término indicativo de función/relación | ils. |
| 9 (RLIN) | 42881 |
| Estado de retiro | Estado de pérdida | Restricciones de uso | No para préstamo | Código de colección | Localización permanente | Ubicación/localización actual | Ubicación en estantería | Fecha de adquisición | Número de inventario | Total de préstamos | Signatura topográfica completa | Código de barras | Fecha visto por última vez | Precio válido a partir de | Tipo de ítem Koha |
|---|---|---|---|---|---|---|---|---|---|---|---|---|---|---|---|
| Préstamo interno | Monografías: Libros y Folletos | General | General | En catalogación | 24.04.2017 | LF1 | 878.9 A68 | 20259-10 | 25.06.2020 | 25.06.2020 | Préstamo interno |
